AU LIBRARIES
Centralized Library System Across Seven Campuses

Technology Shocks : (Record no. 3531)

MARC details
000 -LEADER
fixed length control field 00440nam a2200169Ia 4500
005 - DATE AND TIME OF LATEST TRANSACTION
control field 20260518112217.0
008 - FIXED-LENGTH DATA ELEMENTS--GENERAL INFORMATION
fixed length control field 251127s9999 xx 000 0 und d
020 ## - INTERNATIONAL STANDARD BOOK NUMBER
ISBN 3790800511
082 ## - DEWEY DECIMAL CLASSIFICATION NUMBER
Classification number 658.51
Author Mark ARN-T
100 ## - MAIN ENTRY--AUTHOR
Author Name Arnold, Heinrich M.
245 #0 - TITLE STATEMENT
Title Technology Shocks :
250 ## - EDITION STATEMENT
Edition statement Softcover reprint of the original 1st ed. 2003
260 ## - PUBLICATION, DISTRIBUTION, ETC.
Place of Publication [S.l.] :
Name of publisher, distributor, etc. Physica,
300 ## - PHYSICAL DESCRIPTION
Pages 264p
650 ## - SUBJECT ADDED ENTRY--TOPICAL TERM
Subject / Department Management Sciences
942 ## - ADDED ENTRY ELEMENTS (KOHA)
Koha item type Book
Holdings
Withdrawn status Lost status Damaged status Not for loan Collection code Permanent Location Current Location Shelving Location Date acquired Inventory number Full Call Number Accession No./Barcode Koha item type
        Management Science Air University H-11 Campus Islamabad Air University H-11 Campus Islamabad Management Science 03/15/2013 3710 658.51 ARN-T P2351 Book
Air University Sector E-9, Islamabad Pakistan
Email: librarian@au.edu.pk  Tel : +0092 51 9262612 Ext: 631